Podnikatelský plán pro úspěšný start

Salvato in:
Dettagli Bibliografici
Autore principale: Wupperfeld, Udo
Altri autori: Pondělíček, Jiří
Natura: Libro
Lingua:ceco
Pubblicazione: Praha Management Press 2003
Serie:Malé a střední podnikání
Soggetti:
Tags: Aggiungi Tag
Nessun Tag, puoi essere il primo ad aggiungerne!!

MARC

LEADER 00000nam a2200000 4500
001 c143068
005 20221124084918.7
020 |a 80-7261-075-9 
041 0 |a cze 
044 |a CZ 
245 1 0 |a Podnikatelský plán pro úspěšný start  |c Udo Wupperfeld ; preklad: Jiří Pondělíček 
264 1 |a Praha  |b Management Press  |c 2003 
300 |a 159 s. 
490 1 |a Malé a střední podnikání 
830 0 |a Malé a střední podnikání 
610 2 0 |a plán podnikateľský 
610 2 0 |a podnikatelia 
610 2 0 |a plánovanie 
610 2 0 |a zámery podnikateľské 
610 2 0 |a podnik 
610 2 0 |a podnikanie malé 
610 2 0 |a podnikanie stredné 
610 2 0 |a vedenie podniku 
610 2 0 |a zamestnanci 
610 2 0 |a rozvoj podniku 
610 2 0 |a trh 
610 2 0 |a konkurencia 
610 2 0 |a marketing 
610 2 0 |a predaj 
610 2 0 |a plánovanie finančné 
610 2 0 |a Česko 
100 1 |a Wupperfeld, Udo 
700 1 |a Pondělíček, Jiří